[Event "Jogo"]
[Site "http://www.queenalice.com/game.php?id=137644"]
[Date "2006.12.6"]
[Round "-"]
[White "AndreAmorim"]
[Black "DuckKiller"]
[Result "0-1"]
[WhiteElo "1569"]
[BlackElo "1436"]

1. e4 c5 2. Nf3 Nc6 3. Bb5 a6 4. Bxc6 bxc6 5. d3 g6 6. b3 Bg7 7. c3 Qa5 8. Qd2
Rb8 9. c4 Qxd2+ 10. Bxd2 Bxa1 11. O-O Bg7 12. Bf4 Ra8 13. Nc3 Bxc3 14. Rc1 Bg7
15. e5 Bh6 16. Bxh6 Nxh6 17. Ng5 f6 18. exf6 exf6 19. Ne4 Kf7 20. Nxc5 Re8 21.
Kf1 Nf5 22. g4 Nd4 23. b4 d6 24. Ne4 Rxe4 25. dxe4 Bxg4 26. Kg2 Bf3+ 27. Kg3
Ne2+ 28. Kxf3 Nxc1 29. Ke3 Nxa2 30. Kd4 Nxb4 31. f3 c5+ 32. Ke3 a5 33. Kd2 a4
34. Kc1 a3 35. Kb1 a2+ 36. Ka1 f5 37. exf5 gxf5 38. f4 Re8 0-1

[Event "Newbie Game"]
[Site "http://www.queenalice.com/game.php?id=138124"]
[Date "2006.12.7"]
[Round "-"]
[White "RichardN"]
[Black "AndreAmorim"]
[Result "0-1"]
[WhiteElo "1403"]
[BlackElo "1329"]

1. e4 c5 2. Nf3 Nc6 3. Bb5 Qc7 4. O-O a6 5. Bxc6 Qxc6 6. d3 h6 7. Nc3 d6 8. Be3
Nf6 9. a3 Ng4 10. Nd5 Nxe3 11. Qe2 Ng4 12. h3 Nf6 13. c4 Nxd5 14. exd5 Qd7 15.
b4 cxb4 16. axb4 g5 17. c5 Bg7 18. Rac1 dxc5 19. bxc5 Qxd5 20. d4 Bxd4 21. Nxd4
b6 22. cxb6 Bb7 23. Rc4 Qxg2# 0-1

[Event "Challenge"]
[Site "http://www.queenalice.com/game.php?id=138311"]
[Date "2006.12.7"]
[Round "-"]
[White "AndreAmorim"]
[Black "spawnwolfwolverine"]
[Result "0-1"]
[WhiteElo "1391"]
[BlackElo "1645"]

1. e4 e6 2. Nf3 b6 3. Nc3 Ba6 4. Bxa6 Nxa6 5. d4 Bb4 6. Qd3 Qc8 7. O-O Bxc3 8.
Qxc3 Ne7 9. Bf4 O-O 10. e5 c5 11. Qd3 Nd5 12. Ng5 g6 13. g3 Nxf4 14. gxf4 d5 15.
h4 c4 16. Qd2 b5 17. a4 b4 18. b3 c3 19. Qd3 f5 20. Qb5 Rb8 21. Qa5 h5 22. Nf3
Qb7 23. Ne1 Qb6 24. Qxb6 Rxb6 25. a5 Rb5 26. Nd3 Nc7 27. Nc5 Rbb8 28. Nd3 a6 29.
Ra4 Nb5 30. Nxb4 Ra8 31. Rd1 Kg7 32. Kg2 Kh6 33. Nd3 Rab8 34. Nc5 Ra8 35. Nxe6
Rg8 36. Nc5 Rgc8 37. b4 Rab8 38. Nxa6 Ra8 39. Nc5 Rc6 40. Rd3 Kg7 41. Nb3 Rc4
42. Kf3 Kf7 43. Ke3 Ke6 44. Nc1 Kd7 45. Kf3 Kc6 46. Ne2 Kb7 47. Ng3 Ka6 48. Ne2
Ra7 49. Kg2 Ra8 50. Kf1 Ra7 51. Ke1 Ra8 52. Kd1 Ra7 53. Kc1 Rac7 54. e6 Re7 55.
Re3 Rc6 56. Kb1 Rcxe6 57. Rxe6+ Rxe6 58. Nc1 Re1 59. Ra1 Nxd4 60. Ka2 Nxc2 61.
Nd3 Rxa1+ 62. Kb3 Nd4+ 63. Kxc3 Nf3 64. b5+ Kxb5 65. Kb2 Rxa5 66. Kc3 Ra3+ 67.
Kc2 Rxd3 68. Kxd3 Kc5 69. Ke3 Nxh4 70. Kd3 d4 71. Kd2 Kc4 72. Kc2 Ng2 73. f3
Nxf4 74. Kd2 h4 75. Ke1 d3 0-1

[Event "Challenge"]
[Site "http://www.queenalice.com/game.php?id=138316"]
[Date "2006.12.7"]
[Round "-"]
[White "AndreAmorim"]
[Black "spawnwolfwolverine"]
[Result "1/2-1/2"]
[WhiteElo "1500"]
[BlackElo "1638"]

1. e4 e6 2. d4 b6 3. Nc3 Ba6 4. Bxa6 Nxa6 5. Nf3 Bb4 6. Qd3 Qc8 7. d5 Bxc3+ 8.
Qxc3 Ne7 9. dxe6 O-O 10. exd7 Qxd7 11. Nd4 c5 12. Nf3 Rad8 13. O-O Nb4 14. a3
Nbc6 15. b4 cxb4 16. axb4 a5 17. bxa5 Nxa5 18. Rd1 Qxd1+ 19. Ne1 Rc8 20. Bb2
Rxc3 21. Rxd1 Rc6 22. Bd4 Rd6 23. e5 Rd5 24. Nf3 Nf5 25. g4 Nxd4 26. Nxd4 Rfd8
27. c3 Nb3 28. Rb1 Rxd4 29. cxd4 Nxd4 30. Rxb6 g6 31. Kg2 Kg7 32. Kg3 Re8 33.
Kf4 Ne2+ 34. Ke4 Nc3+ 35. Kd4 Rc8 36. f4 Ne2+ 37. Ke4 Kh6 38. f5 Nc3+ 39. Kd4
Kg5 40. e6 fxe6 41. fxe6 Kxg4 42. Rb7 h5 43. Ke5 Kg5 44. Kd6 Kf6 45. Kd7 Rh8 46.
e7 Rh7 47. Kd8 Rh8+ 48. e8=Q Rxe8+ 49. Kxe8 g5 50. Rf7+ Kg6 51. Ke7 Nd5+ 52. Ke6
Nf4+ 53. Ke7 Nd5+ 54. Ke8 g4 55. Kf8 h4 56. Rg7+ Kf5 57. Kf7 Kf4 58. Kg6 g3 59.
hxg3+ hxg3 60. Kh5 Nf6+ 61. Kh4 Ne4 62. Kh3 Ng5+ 63. Rxg5 Kxg5 64. Kxg3 Kf5
1/2-1/2

[Event "Labtest Challenge"]
[Site "http://www.queenalice.com/game.php?id=138837"]
[Date "2006.12.8"]
[Round "-"]
[White "felipecabeca"]
[Black "AndreAmorim"]
[Result "0-1"]
[WhiteElo "1010"]
[BlackElo "1355"]

1. e4 c5 2. Na3 Nc6 3. Nh3 Nf6 4. Nf4 Nxe4 5. f3 Nf6 6. Bb5 Qc7 7. d3 g6 8. h4
Bh6 9. Ne2 Bxc1 10. Qxc1 d6 11. g3 a6 12. Ba4 Qa5+ 13. c3 Qxa4 14. O-O Ne5 15.
b3 Qd7 16. Nf4 h6 17. c4 O-O 18. Nh3 Qxh3 19. f4 Qxg3+ 20. Kh1 Qxh4+ 21. Kg2
Nxd3 22. Qd1 Qh3+ 23. Kg1 Ng4 24. Rf3 Qh2+ 25. Kf1 Bf5 26. Nc2 Ndf2 27. Qd2 Be4
28. Rxf2 Nxf2 29. Ne1 f6 30. Qe2 Qh1+ 0-1

[Event "Challenge"]
[Site "http://www.queenalice.com/game.php?id=142059"]
[Date "2006.12.15"]
[Round "-"]
[White "AndreAmorim"]
[Black "MSF"]
[Result "0-1"]
[WhiteElo "1389"]
[BlackElo "1489"]

1. d4 d5 2. Nc3 Nf6 3. Bg5 e6 4. Nf3 h6 5. Bxf6 Qxf6 6. Qd3 Nd7 7. e4 c6 8. e5
Qf5 9. Qxf5 exf5 10. Bd3 g6 11. a3 Be7 12. O-O O-O 13. g3 f6 14. exf6 Bxf6 15.
Rfe1 Bg7 16. b4 a5 17. Nh4 Bxd4 18. Re6 Bxc3 19. Rb1 Ne5 20. Rd6 axb4 21. axb4
Ra1 22. Rxa1 Bxa1 23. Nxg6 Nxg6 24. Rxg6+ Kh7 25. Rd6 Be5 26. Bxf5+ Bxf5 0-1

[Event "Challenge"]
[Site "http://www.queenalice.com/game.php?id=142825"]
[Date "2006.12.17"]
[Round "-"]
[White "AndreAmorim"]
[Black "Jony"]
[Result "0-1"]
[WhiteElo "1355"]
[BlackElo "1343"]

1. e4 Nf6 2. e5 Ne4 3. d3 Nc5 4. d4 Ne6 5. Nf3 c6 6. Nc3 h6 7. Bc4 g5 8. Bxe6
dxe6 9. O-O g4 10. Ne1 f5 11. exf6 exf6 12. Qxg4 f5 13. Qg6+ Kd7 14. Bf4 Na6 15.
Nf3 Qe7 16. Ne5+ Kc7 17. Nf7+ Kb6 18. Nxh8 Qg7 19. Qxg7 Bxg7 20. Nf7 Nb4 21.
Rac1 h5 22. a3 Na6 23. Bh6 Bxd4 24. Be3 c5 25. Bxd4 cxd4 26. Ne2 Bd7 27. Nxd4
Rf8 28. Nd6 Kc5 29. Nxb7+ Kxd4 30. Rcd1+ Ke5 31. Rxd7 Rh8 32. Re1+ Kf6 33. Rd6
Re8 34. Rxa6 Re7 35. Rxa7 Rc7 36. c3 e5 37. a4 Ke6 38. Rd1 Ke7 39. a5 Rd7 40.
Rxd7+ Kxd7 41. Nc5+ Kc6 42. b4 e4 0-1

[Event "Challenge"]
[Site "http://www.queenalice.com/game.php?id=146314"]
[Date "2006.12.25"]
[Round "-"]
[White "felipecabeca"]
[Black "AndreAmorim"]
[Result "1-0"]
[WhiteElo "1141"]
[BlackElo "1238"]

1. e4 c6 2. Nc3 d5 3. d4 e6 4. Nf3 Bb4 5. a3 Bxc3+ 6. bxc3 dxe4 7. Ne5 Qa5 8.
Bc4 Qxc3+ 9. Bd2 Qxd4 10. h4 Nf6 11. Nxf7 Ng4 12. Qxg4 Qxa1+ 13. Bc1 Qxc1+ 14.
Ke2 Qxh1 15. Nxh8 1-0

[Event "Challenge"]
[Site "http://www.queenalice.com/game.php?id=146496"]
[Date "2006.12.26"]
[Round "-"]
[White "AndreAmorim"]
[Black "crevice"]
[Result "0-1"]
[WhiteElo "1358"]
[BlackElo "1560"]

1. e4 e5 2. Nf3 Nc6 3. Bb5 d6 4. d3 h6 5. Bxc6+ bxc6 6. Nc3 Nf6 7. O-O Be7 8.
Be3 O-O 9. Ne2 Bg4 10. Ng3 Qc8 11. c4 c5 12. h3 Be6 0-1

[Event "Challenge"]
[Site "http://www.queenalice.com/game.php?id=147105"]
[Date "2006.12.27"]
[Round "-"]
[White "Barbudo"]
[Black "AndreAmorim"]
[Result "1-0"]
[WhiteElo "1495"]
[BlackElo "1181"]

1. d4 Nf6 2. Bf4 d5 3. Nc3 Bf5 4. Nb5 e5 5. Bxe5 Bd6 6. Bxd6 cxd6 7. e3 Qb6 8.
Nf3 a6 9. Nc3 Qxb2 10. Rb1 Qxc3+ 11. Nd2 Bxc2 12. Rc1 Bxd1 13. Rxc3 Bh5 14. Rc8+
Kd7 15. Rxh8 b5 16. Bd3 h6 17. O-O Ne8 18. Rc1 Nc6 19. Bf5+ Ke7 20. Rxc6 Ra7 21.
Nb3 g6 22. Rxh6 Kf6 23. Rh8 Ng7 24. Bh3 Bd1 25. Nd2 Ba4 26. Rxd6+ 1-0